书目信息 |
| 题名: |
中国传统建筑室内装饰艺术
|
|
| 作者: | 朱广宇 著 | |
| 分册: | ||
| 出版信息: | 北京 机械工业出版社 2010.01 |
|
| 页数: | 267页 | |
| 开本: | 24cm | |
| 丛书名: | 中国传统建筑装饰艺术 | |
| 单 册: | ||
| 中图分类: | TU-092.2 | |
| 科图分类: | ||
| 主题词: | 古建筑--室内装饰--建筑艺术--中国 | |
| 电子资源: | ||
| ISBN: | 978-7-111-27896-2 | |
| 000 | 01028nam 2200253 450 | |
| 001 | 012010616936 | |
| 005 | 20101008151633.04 | |
| 010 | @a978-7-111-27896-2@dCNY68.00 | |
| 100 | @a20101129d2010 em y0chiy0110 ea | |
| 101 | 0 | @achi |
| 102 | @aCN@b110000 | |
| 105 | @aa a 000yy | |
| 200 | 1 | @a中国传统建筑室内装饰艺术@Azhong guo chuan tong jian zhu shi nei zhuang shi yi shu@f朱广宇著 |
| 210 | @a北京@c机械工业出版社@d2010.01 | |
| 215 | @a267页@c图@d24cm | |
| 225 | 2 | @a中国传统建筑装饰艺术 |
| 320 | @a有书目 (第265-267页) | |
| 330 | @a本书通过收录整理诸多经典的中国传统建筑室内作品实例,论述了传统建筑室内装饰的历史沿革、地理分布、种类特性,以及室内的样式规格、材料色彩、民风民俗、雕刻技艺,并对传统室内家具在造型、色彩、装饰等方面的不同特征分别进行了分析,充分强调了中国传统室内装饰的功能性与艺术性。 | |
| 410 | 0 | @12001 @a中国传统建筑装饰艺术 |
| 606 | 0 | @a古建筑@x室内装饰@x建筑艺术@y中国 |
| 690 | @aTU-092.2@v4 | |
| 701 | 0 | @a朱广宇@Azhu guang yu,@f1968-@4著 |
| 801 | 0 | @aCN@c20101129 |
| 905 | @dTU-092.2@eZ840 | |
| 中国传统建筑室内装饰艺术/朱广宇著.-北京:机械工业出版社,2010.01 |
| 267页:图;24cm.-(中国传统建筑装饰艺术) |
| ISBN 978-7-111-27896-2:CNY68.00 |
| 本书通过收录整理诸多经典的中国传统建筑室内作品实例,论述了传统建筑室内装饰的历史沿革、地理分布、种类特性,以及室内的样式规格、材料色彩、民风民俗、雕刻技艺,并对传统室内家具在造型、色彩、装饰等方面的不同特征分别进行了分析,充分强调了中国传统室内装饰的功能性与艺术性。 |
| ● |
| 相关链接 |
|
|
|
正题名:中国传统建筑室内装饰艺术
索取号:TU-092.2/Z840
 
预约/预借
| 序号 | 登录号 | 条形码 | 馆藏地/架位号 | 状态 | 备注 |
| 1 | 1032388 | 210323880 | 建筑库101/101建筑库 7排3列1层/ [索取号:TU-092.2/Z840] | 在馆 | |
| 2 | 1032389 | 210323899 | 建筑与城市规划学院资料室/101建筑库 108排3列2层/ [索取号:TU-092.2/Z840] | 在馆 | |
| 3 | 1032390 | 210323906 | 建筑库101/101建筑库 7排3列1层/ [索取号:TU-092.2/Z840] | 在馆 |